000 01111nam a22003131i 4500
001 018115234
003 EG-ScBUE
005 20260211101906.0
008 161110s2016 ua f b 001 0 eng d
020 _a9789774167638 (hbk.)
040 _aStDuBDS
_beng
_erda
_cStDuBDS
_dUk
_dEG-ScBUE
043 _af-ua---
082 0 4 _a333.911170962
_222
_bGOU
100 1 _aGouda, Dalia M.,
_eauthor.
245 1 0 _aSocial capital and local water management in Egypt /
_cDalia M. Gouda.
264 1 _aCairo :
_bThe American University in Cairo Press,
_c2016.
300 _axi, 268 pages :
_billustrations ;
_c24 cm
336 _atext
_2rdacontent
_btxt
337 _aunmediated
_2rdamedia
_bn
338 _avolume
_2rdacarrier
_bnc
504 _aIncludes bibliographical references and index.
650 7 _aWater resources development
_zEgypt
_xHistory.
_2BUEsh
650 7 _aWater resources development
_xSocial aspects
_zEgypt.
_2BUEsh
650 7 _aSocial capital (Sociology)
_zEgypt
_xHistory.
_2BUEsh
653 _cFebruary2026
_bBUSECO
655 _vReading book
942 _2ddc
_cBB
999 _c31116
_d31087